| 000 | 00469nam a2200157Ia 4500 | ||
|---|---|---|---|
| 008 | 230718s9999 xx 000 0 und d | ||
| 041 | _aeng | ||
| 082 |
_a621.37 _bTHE |
||
| 100 |
_aTheraja B.L. _9126181 |
||
| 245 |
_aTextbook Of Electrical Technology,Vol.1 _bBasic Electrical Engineering |
||
| 260 |
_c2010 _bS .Chand Pub |
||
| 300 | _a864 | ||
| 365 |
_cRs. _b440.00 |
||
| 700 | _aTheraja B.L. & Theraja A.K. | ||
| 906 |
_dO:0062226-Feb-2010B:100607-Jan-2010 _cSS _b132 |
||
| 999 |
_c324302 _d324302 |
||